Adjectives with -ly Quiz Stats

Quiz Updated Jul 25, 2015

Also try: Vocabulary Blitz
Challenge
Share
Tweet
Embed
Score 0/20 Timer 02:00
1 Play Today
% Correct
elderly
87.3%
earthly
85.5%
heavenly
84.4%
brotherly
83.7%
homely
82.6%
costly
77.7%
grisly
77.2%
gangly
76.9%
comely
74.6%
scholarly
74.3%
% Correct
shapely
73.5%
saintly
73.1%
lonely
72.4%
miserly
69.8%
portly
69.5%
ungodly
68.7%
worldly
65.6%
studly
58%
goodly
56.4%
unlikely
31.2%

You're not logged in!

Compare scores with friends on all Sporcle quizzes.
Join for Free
OR
Log In

You Might Also Like...

Show Comments

Extras

Top Quizzes Today


Score Distribution

Your Account Isn't Verified!

In order to create a playlist on Sporcle, you need to verify the email address you used during registration. Go to your Sporcle Settings to finish the process.

Report this User

Report this user for behavior that violates our Community Guidelines.

Details: